[Event "Cairo Al Ain op"]
[Site "Cairo"]
[Date "2023.11.30"]
[Round "7"]
[White "M Amer, Hossam"]
[Black "Shoieb, Mahmoud"]
[Result "0-1"]
[WhiteElo "2060"]
[BlackElo "1946"]
[PlyCount "98"]
[EventDate "2023.11.27"]
[EventType "swiss"]
[EventRounds "10"]
[EventCountry "EGY"]
[SourceTitle "CBM 217 Extra"]
[Source "ChessBase"]
[SourceDate "2024.01.31"]
[SourceVersion "1"]
[SourceVersionDate "2024.01.31"]
[SourceQuality "1"]

1. d4 d5 2. c4 e6 3. Nc3 c5 4. cxd5 exd5 5. Nf3 Nc6 6. e3 c4 7. Be2 Nf6 8. 0-0 Bb4 9. Ne5 0-0 10. Nxc6 bxc6 11. a3 Bxc3 12. bxc3 Qa5 13. Bd2 Ne4 14. Kh1 Rb8 15. f3 Nxd2 16. Qxd2 Rb3 17. Rac1 Be6 18. e4 Qxa3 19. Bd1 Rb7 20. Bc2 Qe7 21. e5 f5 22. Ra1 Rb6 23. Ra5 Rfb8 24. h3 Rb5 25. Ra6 R8b6 26. Ra4 Rb7 27. Rfa1 Rb2 28. Ra5 f4 29. Qc1 Bxh3 30. R5a2 Rxa2 31. Rxa2 Qh4 32. gxh3 Qxh3+ 33. Kg1 Qg3+ 34. Kh1 Qxf3+ 35. Kg1 Qg3+ 36. Kh1 f3 37. Bf5 f2 38. Be6+ Kh8 39. Qf1 Rb1 40. Qxb1 Qf3+ 41. Kh2 f1Q 42. Qxf1 Qxf1 43. Rxa7 Qe2+ 44. Kg3 Qd3+ 45. Kf2 h5 46. Bf7 Qxc3 47. Ra8+ Kh7 48. e6 Qxd4+ 49. Kf1 c3 0-1